| 000 | 00851nam a2200265Ia 4500 | ||
|---|---|---|---|
| 005 | 20260121170755.0 | ||
| 008 | 008 260114s9999 xx 000 0 eng d | ||
| 020 | _a9783030006891 | ||
| 037 | _aEBOOK | ||
| 040 | _aCRL | ||
| 040 | _beng | ||
| 040 | _cCRL | ||
| 041 | _2eng | ||
| 041 | _aeng | ||
| 084 | _qCRL | ||
| 100 |
_aDanail Stoyanov, Zeike Taylor, Enzo Ferrante, Adrian V. Dalca, Anne Martel, Lena Maier-Hein, Sarah Parisot, Aristeidis Sotiras, Bartlomiej Papiez, Mert R. Sabuncu, Li Shen _91067988 |
||
| 245 | 0 | _aGraphs in Biomedical Image Analysis and Integrating Medical Imaging and Non-Imaging Modalities | |
| 260 | _bSpringer | ||
| 260 | _bSpringer | ||
| 260 | _c2018 | ||
| 856 | _uhttps://link.springer.com/openurl?genre=book&isbn=978-3-030-00689-1 | ||
| 942 | _cEBOOK | ||
| 999 |
_c1633718 _d1633718 |
||